000 00578nam a2200193Ia 4500
008 180207s9999 xx 000 0 und d
020 _a9715903347
050 _bD252 1997
100 _aDavidson, Alice Joyce
245 4 _aThe story of Jesus and the blind man :
245 _ban Alice in bible land storybook /
245 _cAlice Joyce Davidson ; designed by Victoria Marshall.
260 _aConnecticut :
260 _bC. R. Gibson Company,
260 _c1997
300 _aunpaged :
300 _bcolor illustration ;
440 _aAn Alice in bibleland storybook.
999 _c355225
_d355225